Művész-közönség találkozó

Elmentve itt :
Bibliográfiai részletek
Dokumentumtípus: Cikk
Megjelent: 1979-03-06
Sorozat:Délmagyarország 69 No. 54
Kulcsszavak:Hemmert János
Online Access:http://dmarchiv.bibl.u-szeged.hu/94654
LEADER 00401nab a2200145 i 4500
001 delm94654
005 20190524103836.0
008 190524s1979 hu o 0|| hun d
040 |a SZTE Délmagyarország Archívum  |b hun 
041 |a hun 
245 0 0 |a Művész-közönség találkozó  |h [elektronikus dokumentum] 
260 |c 1979-03-06 
300 |a 8 
490 0 |a Délmagyarország  |v 69 No. 54 
695 |a Hemmert János